000 01278nam a2200349 i 4500
001 192821
003 SpMaBN
005 20240314063034.0
008 161003s2016 sp d 001 0 spa
017 _aB 14239-2016
_bOficina Depósito Legal Barcelona
020 _a9788416820108
035 _a(OCoLC)960915702
040 _aSpMaBN
_bspa
_cSpMaBN
_erdc
_dES-MaACL
080 _a371.4
100 1 _aTébar, Cristina
_eaut
_9226470
245 1 0 _aMontessori en casa :
_bel cambio empieza en tu familia /
_cCristina Tébar
246 0 _iSubtítulo en cubierta:
_aCómo educar niños autónomos y felices con el enfoque Montessori
250 _aTercera edición: diciembre de 2016
260 _aBarcelona :
_bPlataforma Editorial,
_c2016
300 _a133 páginas :
_bgráficos (blanco y negro) ;
_c22 cm
336 _aTexto (visual)
_2isbdcontent
337 _asin mediación
_2isbdmedia
490 1 _aPlataforma actual
500 _aÍndice
504 _aBibliografía: páginas 131-132
650 4 _aMétodo Montessori
_2embne
_915020
830 _9192007
_aPlataforma actual
852 _aES-MaACL
_bR.151859
_cDEPOJ
_hDonación: Editorial
_jN-8443
_9200123
942 _cMONOGRAFIA
_n0
999 _c192821
_d192821